KATSEYE - Lyric Quiz - Statistics

General Stats
  • This quiz has been taken 786 times
  • The average score is 5 of 6
Answer Stats
Lyric Song % Correct
Yeah, ooh / You could have anyone else you wanted to / I'm begging you Gabriela
98%
Hottie, hottie, like a bag of Takis / I'm the shit, I'm the shit Gnarly
95%
Oh, we-ee-ee ain't flexin', babe, we do what we do / Wanna pull up on us? Check in at the gate and come through Debut
92%
Say, "Where she go, go?" / Nobody knows / Don't get comfortable 'cause any minute now M.I.A
88%
Gas pedal like 95, flyin' eastbound / Hands up, no slowin' me down My Way
86%
Do all of the shit I know I didn't do / When I was a kid / Get high on life for somebody's kiss Tonight I Might
75%
No matching quizzes found
Score Distribution
Percent of People with Each Score
Percentile by Number Answered
Your Score History
You have not taken this quiz